Score 0/20 Timer 04:00
0 Plays Today
Hint Answer % Correct
Harry Potter
97.2%
Waldo
93.7%
Clark Kent
88.9%
Doc
85.9%
Peter Parker
83%
Peter Griffin
79.9%
Velma Dinkley
79.5%
Scrooge McDuck
79.3%
Dr. Indiana Jones
74%
Simon Seville
70.4%
Hint Answer % Correct
Agent J
69%
Atticus Finch
64.2%
Milhouse Van Houten
63.4%
Blade
61.9%
Daria Morgendorffer
59.9%
Elle Woods
48.2%
Liz Lemon
47.9%
Scott Summers
46%
Selina Kyle
38.1%
Professor Hubert Farnsworth
28.1%
Remove Ads.
Support Sporcle.
Get the best of Sporcle when you Go Orange. This ad-free experience offers more features, more stats, and more fun while also helping to support Sporcle. Thank you for becoming a member.

You're not logged in!

Compare scores with friends on all Sporcle quizzes.
OR
Log In

Show Comments

Extras

Top Quizzes Today


Score Distribution

Your Account Isn't Verified!

In order to create a playlist on Sporcle, you need to verify the email address you used during registration. Go to your Sporcle Settings to finish the process.

Report this User

Report this user for behavior that violates our Community Guidelines.

Details: